| 000 -LEADER |
| fixed length control field |
00490cam a22001457a 4500 |
| 008 - FIXED-LENGTH DATA ELEMENTS--GENERAL INFORMATION |
| fixed length control field |
180718b1985 xxu||||| |||| 00| 0 eng d |
| 082 ## - DEWEY DECIMAL CLASSIFICATION NUMBER |
| Classification number |
T000x54 K131 |
| 245 ## - TITLE STATEMENT |
| Title |
Seventh plan and development of weaker sections: questions, challenges and alternative |
| Statement of responsibility, etc. |
edited by Jose Kananaikil |
| 260 ## - PUBLICATION, DISTRIBUTION, ETC. |
| Place of publication, distribution, etc. |
Delhi |
| Name of publisher, distributor, etc. |
Indian Social Institute |
| Date of publication, distribution, etc. |
1985 |
| 300 ## - PHYSICAL DESCRIPTION |
| Extent |
188p. |
| 650 ## - SUBJECT ADDED ENTRY--TOPICAL TERM |
| Topical term or geographic name entry element |
Poverty - India |
| 650 ## - SUBJECT ADDED ENTRY--TOPICAL TERM |
| Topical term or geographic name entry element |
Economic planning - India |
| 700 ## - ADDED ENTRY--PERSONAL NAME |
| Personal name |
Indian Social Institute |
| 700 ## - ADDED ENTRY--PERSONAL NAME |
| Personal name |
Kananaikil, Jose |